| 000 | 00716nam a2200241 a 4500 | ||
|---|---|---|---|
| 008 | |||
| 020 | _a0521433177 (cased) | ||
| 020 | _a0521589533 (pbk.) | ||
| 049 | _aMAIN | ||
| 090 |
_aQ180.55.D57 _bASH |
||
| 100 | 1 | _aAshall, Frank. | |
| 245 | 1 | 0 |
_aRemarkable discoveries! / _cFrank Ashall. |
| 260 |
_aNew York, NY : _bCambridge University Press, _c1996. |
||
| 300 |
_axi, 278 p. : _bill., map ; _c23 cm. |
||
| 504 | _aIncludes bibliographical references. | ||
| 500 | _aIncludes index. | ||
| 650 | 0 | _aDiscoveries in science. | |
| 907 |
_a.b10039302 _b26-04-12 _c17-04-03 |
||
| 003 | |||
| 005 | 20230123133205.0 | ||
| 040 | _cNUST | ||
| 942 |
_cBOOKS _kQ180.55.D57 _mASH |
||
| 999 |
_c144299 _d144299 |
||